01015nam a2200289Ia 4500001000700000003000500007008004100012010001100053020001400064040000900078082001900087111010800106245002600214260008300240300001100323503000800334650003400342650004400376711014100420901001900561902000600580910000900586942000600595942000700601999001900608952009800627Z_5391CHAP220113s1982 xx 000 0 und d a168461 a0304-5609 cCHAP a636.08 A7 1993 aAsociación Latinoamericana de Producción Animal. Reunión (13 : 1993 : Santiago de Chile)9142796 aMemorias /cpor ALPA aMéxico, D. F. :bAsociación Latinoamericana de Producción Animal,c1982 a504 p. ac/e aGanaderíaxCongresos944677 aGanadoxProducciónxCongresos 944947 aSociedad Chilena de Producción Animal. Reunión (18 : 1993 : Santiago de Chile) \Ciencia e Investigación vol. 20 no. 2 19939142797 a636.08 A7 1993 aM a1982 c1 cc1 c168461d168461 00102ddc40708GRALaZbZc1d2006-03-17pz_0597r2022-01-18 00:00:00t1w2022-01-18yLIBRO